00305nam a2200145Ia 4500008004000000041000800040082001100048100000600059245002800065260002300093300000700116650001500123650001200138650000900150210210b1947 xxu||||| |||| 00| 0 eng d aeng a960/82 a- aEnglish literature 1947 aNew Delhib-c1947 a50 aliterature aEnglish a1947